Water quality : A primer

This book presents the basic aspects of water quality, emphasizing physical, chemical, and biological factors. The study of water quality draws information from a variety of disciplines including chemistry, biology, mathematics, physics, engineering, and resource management.

Bewaard in:
Bibliografische gegevens
Hoofdauteur: Boyd, Claude E.
Formaat: Boek
Taal:Undetermined
Gepubliceerd in: Boston, MA Kluwer Academic Publishers [2015]
Onderwerpen:
Tags: Voeg label toe
Geen labels, Wees de eerste die dit record labelt!
Thư viện lưu trữ: Trung tâm Học liệu Trường Đại học Cần Thơ
LEADER 00823nam a2200205Ia 4500
001 CTU_230410
008 210402s9999 xx 000 0 und d
082 |a 628.1 
082 |b B789 
100 |a Boyd, Claude E. 
245 0 |a Water quality : 
245 2 |b A primer 
245 0 |c Claude E. Boyd 
260 |a Boston, MA 
260 |b Kluwer Academic Publishers 
260 |c [2015] 
520 |a This book presents the basic aspects of water quality, emphasizing physical, chemical, and biological factors. The study of water quality draws information from a variety of disciplines including chemistry, biology, mathematics, physics, engineering, and resource management. 
650 |a Water quality.,Chất lượng nước 
910 |a Tuyến 
980 |a Trung tâm Học liệu Trường Đại học Cần Thơ